MARC

LEADER 00000nam0a2200000 4500
001 131602
005 20260205134030.0
035 |a (RuTPU)RU\TPU\book\142529 
090 |a 131602 
100 |a 20080219d1982 m y0rusy5003 ca 
101 0 |a rus 
102 |a RU 
105 |a a z 000ay 
200 1 |a Блокадная книга  |f О. (А.) Адамович, Д. А. Гранин 
210 |a Москва  |c Советский писатель  |d 1982 
215 |a 432 с.  |c ил.  |d 23 см 
606 |a Белорусская литература  |9 51766 
610 0 |a Ленинград 
610 1 |a блокада 
610 1 |a советская литература 
610 1 |a блокадный Ленинград 
610 1 |a Великая Отечественная война 1941-1945 
610 1 |a военная проза 
675 |a 882.6  |v 4 
700 1 |a Адамович  |b О. (А.)  |c белорусский писатель  |c полное имя Александр Михайлович  |f 1927-1994  |g Олесь (Алесь)  |3 (RuTPU)RU\TPU\pers\12411  |9 3419 
701 1 |a Гранин  |b Д. А.  |c русский писатель  |c настоящая фамилия Герман  |f 1919 -  |g Даниил Александрович  |3 (RuTPU)RU\TPU\pers\11898 
801 0 |a RU  |b RuMRKP  |c 19950704  |g psbo 
801 1 |a RU  |b 63413507  |c 20080219  |g PSBO 
801 2 |a RU  |b 63413507  |c 20140217  |g PSBO 
942 |c BK